<?xml version="1.0" encoding="UTF-8"?>
<record
    xmlns:xsi="http://www.w3.org/2001/XMLSchema-instance"
    xsi:schemaLocation="http://www.loc.gov/MARC21/slim http://www.loc.gov/standards/marcxml/schema/MARC21slim.xsd"
    xmlns="http://www.loc.gov/MARC21/slim">

  <leader>01604nam0a2200373   4500</leader>
  <controlfield tag="001">RU\NLR\bibl\128517</controlfield>
  <controlfield tag="005">20250617103919.0</controlfield>
  <datafield tag="010" ind1=" " ind2=" ">
    <subfield code="a">5-306-00023-1</subfield>
    <subfield code="9">5000</subfield>
  </datafield>
  <datafield tag="021" ind1=" " ind2=" ">
    <subfield code="a">RU</subfield>
    <subfield code="b">2000-40738</subfield>
    <subfield code="9">1874</subfield>
  </datafield>
  <datafield tag="021" ind1=" " ind2=" ">
    <subfield code="a">RU</subfield>
    <subfield code="b">2000-41277</subfield>
    <subfield code="9">1904</subfield>
  </datafield>
  <datafield tag="035" ind1=" " ind2=" ">
    <subfield code="a">(NLR Aleph) 000125909</subfield>
  </datafield>
  <datafield tag="090" ind1=" " ind2=" ">
    <subfield code="a">718130</subfield>
    <subfield code="c">718130</subfield>
  </datafield>
  <datafield tag="100" ind1=" " ind2=" ">
    <subfield code="a">20001204d2000    |||y0rusy50      ca</subfield>
  </datafield>
  <datafield tag="101" ind1="1" ind2=" ">
    <subfield code="a">rus</subfield>
    <subfield code="c">ger</subfield>
  </datafield>
  <datafield tag="102" ind1=" " ind2=" ">
    <subfield code="a">RU</subfield>
  </datafield>
  <datafield tag="105" ind1=" " ind2=" ">
    <subfield code="a">c   |||||||||</subfield>
  </datafield>
  <datafield tag="200" ind1="1" ind2=" ">
    <subfield code="a">&#x41C;&#x430;&#x441;&#x442;&#x435;&#x440; &#x421;&#x442;&#x440;&#x430;&#x448;&#x43D;&#x43E;&#x433;&#x43E; &#x421;&#x443;&#x434;&#x430;</subfield>
    <subfield code="e">[&#x421;&#x431;.</subfield>
    <subfield code="e">&#x41F;&#x435;&#x440;. &#x441; &#x43D;&#x435;&#x43C;.]</subfield>
    <subfield code="f">&#x41B;&#x435;&#x43E; &#x41F;&#x435;&#x440;&#x443;&#x446;</subfield>
    <subfield code="g">[&#x421;&#x43E;&#x441;&#x442;., &#x43F;&#x440;&#x435;&#x434;&#x438;&#x441;&#x43B;., &#x43F;&#x43E;&#x434;&#x433;&#x43E;&#x442;. &#x442;&#x435;&#x43A;&#x441;&#x442;&#x430;, &#x438;&#x437;&#x431;&#x440;. &#x43F;&#x440;&#x438;&#x43C;. &#x438; &#x43E;&#x431;&#x449;. &#x440;&#x435;&#x434;. &#x420;.&#x412;. &#x413;&#x440;&#x438;&#x449;&#x435;&#x43D;&#x43A;&#x43E;&#x432;&#x430;]</subfield>
  </datafield>
  <datafield tag="210" ind1=" " ind2=" ">
    <subfield code="a">&#x421;&#x41F;&#x431;.</subfield>
    <subfield code="c">&#x41A;&#x440;&#x438;&#x441;&#x442;&#x430;&#x43B;&#x43B;</subfield>
    <subfield code="d">2000</subfield>
  </datafield>
  <datafield tag="215" ind1=" " ind2=" ">
    <subfield code="a">1150,[1] &#x441;.</subfield>
    <subfield code="c">&#x43F;&#x43E;&#x440;&#x442;&#x440;.</subfield>
    <subfield code="d">21</subfield>
  </datafield>
  <datafield tag="225" ind1="1" ind2=" ">
    <subfield code="a">&#x411;&#x438;&#x431;&#x43B;&#x438;&#x43E;&#x442;&#x435;&#x43A;&#x430; &#x43C;&#x438;&#x440;&#x43E;&#x432;&#x43E;&#x439; &#x43B;&#x438;&#x442;&#x435;&#x440;&#x430;&#x442;&#x443;&#x440;&#x44B;</subfield>
  </datafield>
  <datafield tag="327" ind1="1" ind2=" ">
    <subfield code="a">&#x421;&#x43E;&#x434;&#x435;&#x440;&#x436;.: &#x41F;&#x440;&#x44B;&#x436;&#x43E;&#x43A; &#x432; &#x43D;&#x435;&#x438;&#x437;&#x432;&#x435;&#x441;&#x442;&#x43D;&#x43E;&#x435;; &#x41C;&#x430;&#x440;&#x43A;&#x438;&#x437; &#x434;&#x435; &#x411;&#x43E;&#x43B;&#x438;&#x431;&#x430;&#x440;; &#x41C;&#x430;&#x441;&#x442;&#x435;&#x440; &#x421;&#x442;&#x440;&#x430;&#x448;&#x43D;&#x43E;&#x433;&#x43E; &#x421;&#x443;&#x434;&#x430;; &#x41F;&#x430;&#x440;&#x438;&#x43A;&#x43C;&#x430;&#x445;&#x435;&#x440; &#x422;&#x44E;&#x440;&#x43B;&#x44E;&#x43F;&#x44D;&#x43D;; &#x421;&#x43D;&#x435;&#x433; &#x421;&#x432;&#x44F;&#x442;&#x43E;&#x433;&#x43E; &#x41F;&#x435;&#x442;&#x440;&#x430;; &#x428;&#x432;&#x435;&#x434;&#x441;&#x43A;&#x438;&#x439; &#x432;&#x441;&#x430;&#x434;&#x43D;&#x438;&#x43A;; &#x41D;&#x43E;&#x447;&#x438; &#x43F;&#x43E;&#x434; &#x41A;&#x430;&#x43C;&#x435;&#x43D;&#x43D;&#x44B;&#x43C; &#x43C;&#x43E;&#x441;&#x442;&#x43E;&#x43C;</subfield>
  </datafield>
  <datafield tag="675" ind1=" " ind2=" ">
    <subfield code="a">821.112.2-31&#x41F;&#x435;&#x440;&#x443;&#x446;</subfield>
    <subfield code="v">3</subfield>
    <subfield code="z">rus</subfield>
  </datafield>
  <datafield tag="686" ind1=" " ind2=" ">
    <subfield code="a">17.82</subfield>
    <subfield code="2">rugasnti</subfield>
  </datafield>
  <datafield tag="686" ind1=" " ind2=" ">
    <subfield code="a">84(4&#x413;&#x435;&#x43C;)-44</subfield>
    <subfield code="2">rubbk</subfield>
  </datafield>
  <datafield tag="686" ind1=" " ind2=" ">
    <subfield code="a">&#x428;6(4&#x410;)67-44</subfield>
  </datafield>
  <datafield tag="700" ind1=" " ind2="1">
    <subfield code="4">070</subfield>
    <subfield code="7">ca</subfield>
    <subfield code="8">rus</subfield>
    <subfield code="a">&#x41F;&#x435;&#x440;&#x443;&#x446;</subfield>
    <subfield code="b">&#x41B;.</subfield>
    <subfield code="c">&#x43F;&#x438;&#x441;&#x430;&#x442;&#x435;&#x43B;&#x44C;</subfield>
    <subfield code="f">1882-1957</subfield>
    <subfield code="g">&#x41B;&#x435;&#x43E;</subfield>
    <subfield code="9">192372</subfield>
    <subfield code="3">RU\NLR\AUTH\770192423</subfield>
  </datafield>
  <datafield tag="801" ind1=" " ind2="0">
    <subfield code="a">RU</subfield>
    <subfield code="b">RKP</subfield>
    <subfield code="c">20001204</subfield>
    <subfield code="g">PSBO</subfield>
  </datafield>
  <datafield tag="801" ind1=" " ind2="1">
    <subfield code="a">RU</subfield>
    <subfield code="b">RKP</subfield>
    <subfield code="c">20001204</subfield>
  </datafield>
  <datafield tag="801" ind1=" " ind2="2">
    <subfield code="a">RU</subfield>
    <subfield code="b">NLR</subfield>
    <subfield code="c">20010209</subfield>
    <subfield code="g">rcr</subfield>
  </datafield>
  <datafield tag="852" ind1=" " ind2=" ">
    <subfield code="a">NLR</subfield>
    <subfield code="j">2000-3/17619</subfield>
  </datafield>
  <datafield tag="942" ind1=" " ind2=" ">
    <subfield code="c">BOOK</subfield>
  </datafield>
  <datafield tag="980" ind1=" " ind2=" ">
    <subfield code="a">NB</subfield>
  </datafield>
  <datafield tag="995" ind1=" " ind2=" ">
    <subfield code="5">2001-01-16</subfield>
    <subfield code="a">ad</subfield>
    <subfield code="b">NLR01</subfield>
    <subfield code="c">NLR01</subfield>
    <subfield code="e">RF8</subfield>
    <subfield code="f">97476</subfield>
    <subfield code="k">2000-3/17619</subfield>
    <subfield code="o">0</subfield>
    <subfield code="r">BOOK</subfield>
    <subfield code="s">2000317619_</subfield>
  </datafield>
  <datafield tag="995" ind1=" " ind2=" ">
    <subfield code="5">2001-01-16</subfield>
    <subfield code="a">ad</subfield>
    <subfield code="b">NLR01</subfield>
    <subfield code="c">NLR01</subfield>
    <subfield code="e">RF8</subfield>
    <subfield code="f">97477</subfield>
    <subfield code="k">2000-3/17619</subfield>
    <subfield code="o">0</subfield>
    <subfield code="r">BOOK</subfield>
    <subfield code="s">2000317619_</subfield>
  </datafield>
  <datafield tag="995" ind1=" " ind2=" ">
    <subfield code="5">2001-01-24</subfield>
    <subfield code="a">ad</subfield>
    <subfield code="b">NLR01</subfield>
    <subfield code="c">NLR01</subfield>
    <subfield code="e">OBM</subfield>
    <subfield code="f">99669</subfield>
    <subfield code="o">0</subfield>
    <subfield code="r">BOOK</subfield>
  </datafield>
  <datafield tag="995" ind1=" " ind2=" ">
    <subfield code="5">2001-01-24</subfield>
    <subfield code="a">ad</subfield>
    <subfield code="b">NLR01</subfield>
    <subfield code="c">NLR01</subfield>
    <subfield code="e">OBM</subfield>
    <subfield code="f">99670</subfield>
    <subfield code="o">0</subfield>
    <subfield code="r">BOOK</subfield>
  </datafield>
</record>
